[Event "HCL-A2598"]
[Site "www.playchess.de"]
[Date "2006.02.21"]
[Round "31"]
[White "RUDI"]
[Black "froilo"]
[WhiteElo "1234"]
[BlackElo "1463"]
[PlyCount "35"]
[Result "1/2-1/2"]

1.c4 {hello, nice to meet you again!}  Nf6 
{thanks, gl}  2.d4 e6 3.Nc3 Bb4 4.Bd2 c5 5.e3 d5 
6.Nf3 Nc6 7.Be2 Ne4 8.Nxe4 dxe4 9.Ne5 Nxe5 10.dxe5 
Bxd2+ 11.Qxd2 O-O 12.Qxd8 Rxd8 13.Rd1 Bd7 14.O-O 
Bc6 15.Rxd8+ Rxd8 16.Rd1 Rxd1+ 17.Bxd1 f6 18.exf6 
{(offering draw)}  1/2-1/2

[Event "HCL-T263"]
[Site "www.playchess.de"]
[Date "2006.02.21"]
[Round "4"]
[White "marceli"]
[Black "victorabiodun03"]
[WhiteElo "1865"]
[BlackElo "1476"]
[PlyCount "28"]
[Result "1-0"]

1.d4 f5 2.c4 Nf6 3.Nc3 {hello & good luck from 
wiesbaden, germany}  e6 4.g3 Be7 5.Bg2 O-O 6.h4 d6 
7.h5 e5 8.h6 g6 9.Bg5 c6 10.e3 Ng4 11.Bxe7 Qxe7 
12.Qd2 f4 13.gxf4 exf4 14.e4 Qh4 1-0

[Event "HCL-C3962"]
[Site "www.playchess.de"]
[Date "2006.02.21"]
[Round "1"]
[White "Thrustnicely"]
[Black "JerryReneau"]
[WhiteElo "1037"]
[BlackElo "1117"]
[PlyCount "153"]
[Result "1-0"]

1.e4 {Hi}  e5 2.Bc4 d6 3.Qh5 g6 4.Qf3 Qe7 5.h4 h5 
6.Bb5+ Bd7 7.a4 Bxb5 8.axb5 a6 9.b4 Bh6 10.c3 Nf6 
11.Ne2 O-O 12.d3 Bxc1 13.Nxc1 Nbd7 14.bxa6 Rxa6 
15.Rxa6 bxa6 16.c4 Ra8 17.Nc3 c6 18.Kd2 Qe6 19.Nb3 
Qg4 20.Qxg4 Nxg4 21.Ke2 Rb8 22.Na5 c5 23.f3 Ngf6 
24.b5 axb5 25.Nxb5 Ne8 26.Nc6 Ra8 27.Ne7+ Kf8 
28.Nd5 Ra2+ 29.Ke3 Rxg2 30.Nbc7 Nxc7 31.Nxc7 Nb6 
32.Nb5 Ke7 33.Ra1 Ke6 34.Nc7+ Kd7 35.Nd5 Nxd5+ 
36.exd5 f5 37.Ra7+ Kc8 38.Rg7 Rg3 39.Kf2 f4 40.Rf7 
g5 41.hxg5 Rxg5 42.Rh7 Kd8 43.Rh6 Ke7 44.Kf1 Rg3 
45.Kf2 Kd7 46.Rxh5 Kc7 47.Rh6 {(offering draw)}  
Kb6 {I'll probably end up losing it, but I learn 
by trying.}  48.Rxd6+ {Good - To the death then my 
old friend}  Ka5 49.Re6 Kb4 50.d6 Rg7 51.Re7 Rg8 
52.Rxe5 Rd8 53.Re6 Kc3 54.Ke2 Kc2 55.Re4 Rxd6 
56.Rxf4 Rxd3 57.Rf5 Rd2+ 58.Ke3 Rd3+ 59.Kf2 Kc3 
60.Rxc5 Rd4 61.Kg3 Rxc4 62.Rxc4+ Kxc4 63.f4 Kd5 
64.Kg4 Ke6 65.Kg5 Kf7 66.f5 Kg7 67.f6+ Kf7 68.Kf5 
Kf8 {Good Game}  69.Ke6 {Yes - it's rare i get the 
edge on you - but that's what makes it fun !!}  
Ke8 70.Kf5 Kf7 71.Kg5 Kf8 72.Kg6 Kg8 {be 
careful... I'd hate to see you lose this to a draw 
or a stalemate.}  73.Kf5 {it's all about timing 
!!}  Kf7 74.Ke5 Ke8 75.Ke6 Kf8 76.f7 Kg7 {Good 
Game}  77.Ke7 1-0

[Event "HCL-B3798"]
[Site "www.playchess.de"]
[Date "2006.02.21"]
[Round "8"]
[White "XFast_EddieX"]
[Black "Funky"]
[WhiteElo "1200"]
[BlackElo "1500"]
[PlyCount "70"]
[Result "0-1"]

1.d4 Nf6 2.e3 d5 3.c3 c6 4.f4 Bf5 5.Bd3 Bxd3 
6.Qxd3 e6 7.g3 Nbd7 8.Nf3 Bd6 9.Na3 Qa5 10.Bd2 
Bxa3 11.bxa3 Qxa3 12.O-O O-O 13.Bc1 Qd6 14.a4 Rfe8 
15.Ba3 Qc7 16.Bb2 Ne4 17.a5 b6 18.Nd2 Ndf6 19.c4 
Nxd2 20.Qxd2 dxc4 21.axb6 axb6 22.Qe2 b5 23.e4 Qb7 
24.e5 Nd5 25.Rxa8 Rxa8 26.Ra1 Rxa1+ 27.Bxa1 Qa6 
28.Qb2 Qa4 29.Qc1 h6 30.Bb2 Qb3 31.Ba3 b4 32.Bb2 
c3 33.Ba1 c2 34.Kg2 Qb1 35.Bb2 
b3 0-1

[Event "HCL-A2561"]
[Site "www.playchess.de"]
[Date "2006.02.21"]
[Round "10"]
[White "Sonea"]
[Black "Grand73Am"]
[WhiteElo "1415"]
[BlackElo "1416"]
[PlyCount "98"]
[Result "0-1"]

1.d3 {Hello from Imardin, Kyralia}  d5 2.Nd2 e5 
3.Ngf3 Nc6 4.e4 Nf6 5.c3 Bc5 6.h3 O-O 7.Be2 Re8 
8.Qc2 d4 9.Nb3 Bb6 10.Bg5 Re6 11.O-O Ne7 12.cxd4 
exd4 13.Rac1 Ng6 14.a4 a5 15.Qc4 h6 16.Bxf6 Qxf6 
17.Nbxd4 Ne5 18.Nxe5 Rxe5 19.Nf3 Rc5 20.Qb3 Be6 
21.Qd1 Rh5 22.Nd4 Rh4 23.Nxe6 fxe6 24.Bg4 Rf8 
25.Rc2 Qg6 26.g3 Rxh3 27.Bxh3 Qxg3+ 28.Bg2 Rf4 
29.d4 Qh4 30.Rc3 Rg4 31.Rd3 Bxd4 32.Rxd4 Qh3 
33.Qxg4 Qxg4 34.Rfd1 e5 35.R4d8+ Kh7 36.R1d3 Qg5 
37.R3d2 Qe7 38.R8d7 Qb4 39.R7d5 Qc4 40.Kh2 Qc1 
41.Bh3 h5 42.Bf5+ Kh6 43.R2d1 Qxb2 44.Rg1 Qxf2+ 
45.Kh1 Qh4+ 46.Kg2 g6 47.Rxe5 gxf5 48.exf5 Qg4+ 
49.Kh1 {(offering draw)}  Qh3+ 0-1

[Event "HCL-E1550"]
[Site "www.playchess.de"]
[Date "2006.02.21"]
[Round "4"]
[White "Pijean"]
[Black "pruliere"]
[WhiteElo "1714"]
[BlackElo "1840"]
[PlyCount "48"]
[Result "0-1"]

1.d4 {Bonne partie!}  d6 {yes you too}  2.c4 Nf6 
3.Nc3 g6 4.e4 Bg7 5.h3 O-O 6.Nf3 c5 7.Be2 Qa5 
8.O-O cxd4 9.Nxd4 Nc6 10.Nb3 Qd8 11.Bf4 b6 12.Bf3 
Bb7 13.Qe2 Nd7 14.Nd5 Nde5 15.Rad1 Nxf3+ 16.Qxf3 
Bxb2 17.Bg5 f6 18.Bh6 Rf7 19.Nf4 Ne5 20.Qe2 Ba3 
21.Ne6 Qc8 22.Nbd4 Ba6 23.Qc2 Bxc4 24.Rfe1 
Bxe6 0-1

[Event "HCL-C4162"]
[Site "www.playchess.de"]
[Date "2006.02.21"]
[Round "9"]
[White "Innessa"]
[Black "Tribun"]
[WhiteElo "897"]
[BlackElo "769"]
[PlyCount "91"]
[Result "1-0"]

1.b3 {Gruesse !}  e5 {Hallo!!!!!!}  2.e4 {In 
welcher Stadt leben Sie ?}  d6 {In Berlin}  3.Bb2 
{Kennen Sie Russisch ein wenig ?}  Nf6 
{Spasiva-Dawai-Ja je wuv Berlinje-also nicht so 
besonders}  4.d3 {: ) Sehr gut ! Wie alt sind Sie 
?}  Nc6 {30. und Sie?}  5.Nf3 {51. Was fur Beruf 
haben Sie ?}  Be6 {..Tischler -Woher kommt Ihre 
Deutsch?}  6.g3 {Ich studierte Deutsch in der 
Schule gern .}  Be7 7.Bg2 a6 8.O-O Qd7 9.c4 O-O-O 
10.Ng5 Bg4 11.Qd2 h6 12.Nxf7 {Spiele ich richtig 
oder das ist etwas unbekannt, dass bringt Ihnen 
den Sieg bald ?}  Bh3 {Ich bin kein guter Spieler, 
aber Sie bedrohen im Augenblick mit dem Springer 5 
Figuren.2 sind Offiziere-sieht also gut aus!!}  
13.Bxh3 {Sie spielen ganz gut, z.B. O-O-O Rooked. 
Haben Sie einige Fahigkeiten in Mathematik , 
deutlich ?}  Qxh3 {Danke, aber Mathematik-absolut 
nein!}  14.Nxh8 {Herr Kasparow sagt : `Schach`s 
Spiel- das ist nur Geometrie`!  Vielleicht, das 
passiert ?}  Ng4 {Möglich,Ja!!}  15.f3 Nf6 
{Klasse!!!Ich wußte das Sie besser sind als Sie 
tun}  16.Ng6 {: )  Ich spiele sehr einfach, nichts 
besonders !}  Re8 17.Nh4 Qe6 18.Nc3 Nh5 19.Qg2 Nd4 
20.Nd5 Bg5 21.Bxd4 {Guten Abend !}  exd4 {Hallo!}  
22.f4 Be7 23.Rf3 Bxh4 24.f5 Qe5 25.gxh4 Rg8 26.Qg6 
Qe8 27.Qe6+ Kb8 28.Ne7 {: )  Hello !}  Rf8 
{Hallo!}  29.Qg6 Qxe7 30.Qxh5 {Gut tauschen!   : 
)}  c5 {...aber ich bin völlig Chancenlos}  
31.Raf1 {Es geht gut und das Spiel folgt ...}  Rg8 
32.Rg3 Qf6 33.Rg6 Qe5 34.Qg4 Qe7 35.h5 Ka7 36.Qf4 
Qd8 37.Rxd6 Qa8 38.Qe5 Re8 39.Qxc5+ Kb8 40.Qxd4 
Qa7 41.c5 Rc8 42.Rd8 Qxc5 43.Qxc5 {??}  g5 
{geschlafen!!!!!!!!!!}  44.Qxc8+ {Ja, sehr 
wahrscheinlich !  : )}  Ka7 {:(}  45.Qc5+ {Das 
kann mit beliebigem Spieler sein !}  b6 {..denoch 
ist ihr Spiel um Klassen besser, und Ihre 
Eröffnung und das folgende Spiel faszinierend!!!}  
46.Qc7+ {Ich hoffe, wir werden noch spielen. Danke 
herzlich fur diese Woerte und sehr gutes Spiel!} 
 1-0

[Event "HCL-E1575"]
[Site "www.playchess.de"]
[Date "2006.02.21"]
[Round "3"]
[White "erlsto"]
[Black "redstar"]
[WhiteElo "1433"]
[BlackElo "1725"]
[PlyCount "76"]
[Result "0-1"]

1.e4 {GReetings from Norway!!}  c5 {greetings from 
transimphonia}  2.Nf3 e6 3.d4 cxd4 4.Nxd4 Nf6 
5.Nc3 d6 6.Be2 Be7 7.O-O a6 8.Bg5 Nxe4 9.Bxe7 Nxc3 
10.Bxd8 Nxd1 11.Rfxd1 Kxd8 12.c4 Ke7 13.Bf3 Nd7 
14.Rac1 Ne5 15.Be2 Bd7 16.c5 dxc5 17.Rxc5 Nc6 
18.Bf3 Rac8 19.Nxc6+ Bxc6 20.Bxc6 Rxc6 21.b4 Rd8 
22.Rxd8 Kxd8 23.Rxc6 {(offering draw)}  bxc6 
24.Kf1 Kc7 25.Ke2 Kb6 26.Kd3 Kb5 27.Kc3 c5 28.a3 
cxb4+ 29.axb4 e5 30.g4 f6 31.f3 g6 32.h4 h5 
33.gxh5 gxh5 34.Kb3 f5 35.Kc3 e4 36.fxe4 fxe4 
37.Kd4 Kxb4 38.Kxe4 {well I beleive you run faster 
than me:)}  a5 {Yeap. Old story...It was a nice 
game, though. Wanna give up?}  0-1

[Event "HCL-C4161"]
[Site "www.playchess.de"]
[Date "2006.02.21"]
[Round "8"]
[White "Tribun"]
[Black "IRONMAIDEN"]
[WhiteElo "759"]
[BlackElo "1252"]
[PlyCount "88"]
[Result "0-1"]

1.e4 e5 {grüß Dich!}  2.Nf3 {..Gruß auch Dir!}  
Nc6 3.d3 Bc5 4.Bg5 f6 5.Bh4 Nge7 6.Nc3 O-O 7.Qe2 
Ng6 8.Bg3 d6 9.O-O-O Nd4 10.Qd2 Bg4 11.h3 Nxf3 
12.gxf3 Bxf3 13.Rh2 Bxd1 14.Qxd1 c6 15.Rg2 Bb6 
16.h4 Ne7 17.Qg4 Qe8 18.Bh2 Qg6 19.Qe6+ Qf7 20.Qg4 
Kh8 21.Ne2 f5 22.Qg5 {...Kinder ich seh hier keine 
Sonne gegen euch Jungs!!Wo steckst Du in unserem 
"blühendem Land"?}  fxe4 {hier in Neuried}  
23.dxe4 {..Ah, Ja -Danke}  Rfg8 24.Nc3 Ba5 25.Na4 
b5 26.Nc3 a6 27.Be2 Bxc3 28.b3 b4 29.Bh5 g6 30.Bg4 
c5 31.Rg3 Nc6 32.Rf3 Qe8 33.Qf6+ Rg7 34.Qxd6 Rd8 
35.Qf8+ Qxf8 36.Rxf8+ Rxf8 37.f3 Re7 38.Bg3 Nd4 
39.a4 Ne2+ 40.Kd1 Nxg3 41.Bh3 Rxf3 42.Bg2 Rf2 
43.Bh3 Rh2 44.Bg4 Rh1+ 0-1

[Event "HCL-C4120"]
[Site "www.playchess.de"]
[Date "2006.02.21"]
[Round "14"]
[White "Tribun"]
[Black "aerandir10"]
[WhiteElo "800"]
[BlackElo "800"]
[PlyCount "106"]
[Result "0-1"]

1.e4 e5 {good luck}  2.d3 {you too}  Bc5 3.Nf3 Nc6 
4.Nc3 d6 5.g3 Bg4 6.Bg2 Nf6 7.Bg5 O-O 8.Qd2 Bd4 
9.Bxf6 Qxf6 10.h3 Bxf3 11.Kf1 Bxg2+ 12.Kxg2 Bxc3 
13.Qxc3 Rac8 14.Qa3 a5 15.Qc3 h5 16.h4 Nd4 17.Raf1 
Qf3+ 18.Kh2 b6 19.Rhg1 Ne2 20.Qe1 Nxg1 21.Rxg1 f5 
22.Qf1 fxe4 23.Qh3 Qxf2+ 24.Rg2 Qe1 25.Qe6+ Kh8 
26.Rg1 Qe2+ 27.Kh3 Rfe8 28.Qf7 Ref8 29.Qd7 Rf2 
30.Qxc8+ Kh7 31.Rh1 Qxc2 32.Qe8 Rf5 33.Qe6 Rf6 
34.Qc4 exd3 35.Qe4+ g6 36.Qb7 d2 37.Qg2 e4 38.g4 
e3 39.gxh5 Kh6 40.hxg6 Rxg6 41.Qf3 Qc5 42.h5 Qxh5+ 
43.Qxh5+ Kxh5 44.Rf1 e2 45.Rf5+ Rg5 46.Rf8 e1Q 
47.Rh8+ Kg6 48.Rg8+ Kf6 49.Rf8+ Ke5 50.Re8+ Kd5 
51.Rxe1 dxe1Q 52.Kh2 {..Cool play!- and have a 
nice day}  Qf2+ 53.Kh1 {..upps}  
Qg1+ 0-1

[Event "HCL-E1539"]
[Site "www.playchess.de"]
[Date "2006.02.21"]
[Round "12"]
[White "mrchess"]
[Black "Vinci"]
[WhiteElo "1437"]
[BlackElo "1583"]
[PlyCount "74"]
[Result "0-1"]

1.d4 {good luck}  Nf6 {hi and good luck}  2.Bg5 d5 
3.e3 c5 4.c3 Ne4 5.Bh4 Qb6 6.Qc2 Bf5 7.Bd3 c4 
8.Be2 Ng3 9.Qc1 Nxh1 10.Nf3 Qh6 11.Kd2 Nxf2 
12.Bxf2 Nc6 13.Na3 a6 14.Ke1 e6 15.Bg3 Be7 16.Bf4 
g5 17.Bg3 Qg6 18.Ne5 Nxe5 19.Bxe5 f6 20.Bg3 O-O 
21.Qd1 Rad8 22.Bh5 Qg7 23.Bg4 Bd6 24.Qf3 Bxg4 
25.Qxg4 f5 26.Qf3 f4 27.exf4 Bxf4 28.Qg4 Bxg3+ 
29.Qxg3 Rf4 30.Nc2 Rdf8 31.Rd1 R4f1+ 32.Ke2 Qf6 
33.Ne3 Rf2+ 34.Ke1 Rxb2 35.h4 Qf2+ 36.Qxf2 Rfxf2 
37.a3 Rbe2+ 0-1

[Event "HCL-B3891"]
[Site "www.playchess.de"]
[Date "2006.02.21"]
[Round "7"]
[White "IRONMAIDEN"]
[Black "TopMind"]
[WhiteElo "1270"]
[BlackElo "1200"]
[PlyCount "76"]
[Result "0-1"]

1.c4 Nf6 2.d4 g6 3.Nc3 Bg7 4.Bg5 d6 5.e3 Nbd7 
6.Nf3 O-O 7.Bd3 b6 8.O-O Bb7 9.e4 e5 10.d5 Rc8 
11.b4 c6 12.a4 a5 13.b5 cxb5 14.axb5 Nc5 15.Bc2 
Qd7 16.Qd2 Rc7 17.Bh6 Qg4 18.Rfe1 Qh5 19.Bxg7 Kxg7 
20.Ne2 Ncxe4 21.Bxe4 Nxe4 22.Qe3 Nc5 23.Ng3 Qg4 
24.Nd2 f5 25.Ngf1 f4 26.Qe2 Qf5 27.Ra3 Re7 28.Nf3 
Qf6 29.N3d2 Bc8 30.Ne4 Nxe4 31.Qxe4 Bf5 32.Qe2 e4 
33.Kh1 Qh4 34.Qb2+ Kg8 35.Rc1 Bg4 36.h3 f3 37.Ne3 
Bxh3 38.gxh3 Qxh3+ 0-1

[Event "HCL-B3888"]
[Site "www.playchess.de"]
[Date "2006.02.21"]
[Round "17"]
[White "riziotis"]
[Black "IRONMAIDEN"]
[WhiteElo "1283"]
[BlackElo "1268"]
[PlyCount "31"]
[Result "1-0"]

1.e4 {hello again good luck}  e5 {hi, same to you} 
 2.Bc4 Nf6 3.Nf3 Nc6 4.Ng5 Qe7 5.Nxf7 Rg8 6.c3 d6 
7.Qb3 Nd8 8.Nxd8 Qxd8 9.Bxg8 Qe7 10.d3 b6 11.Bg5 
Bd7 12.Bxh7 O-O-O 13.Qc4 Kb8 14.Bg8 g6 15.Bd5 Bc8 
16.Qc6 1-0

[Event "HCL-T260"]
[Site "www.playchess.de"]
[Date "2006.02.21"]
[Round "6"]
[White "puddschini"]
[Black "hal1958"]
[WhiteElo "2051"]
[BlackElo "1448"]
[PlyCount "43"]
[Result "1-0"]

1.e4 d6 2.d4 Nf6 3.Nc3 g6 4.f4 Bg7 {Let's see how 
well I can do against all these players with high 
rankings}  5.Nf3 {Don't believe that ranking, it 
is only a figure and has nothing to do with the 
real playing strength}  O-O 6.Bd3 Bg4 7.h3 Bxf3 
8.Qxf3 Nc6 9.Be3 e6 10.O-O-O a6 11.e5 dxe5 12.dxe5 
Nd7 13.Be4 Qe7 14.Bxc6 bxc6 15.Qxc6 Rfd8 16.Qxc7 
Qe8 17.Ne4 Rac8 18.Qa5 Nb8 19.Nd6 Rxd6 20.Rxd6 Bf8 
21.Rd2 Qc6 22.Qb6 1-0

[Event "HCL-B3830"]
[Site "www.playchess.de"]
[Date "2006.02.21"]
[Round "4"]
[White "Bob-O"]
[Black "nichju"]
[WhiteElo "1216"]
[BlackElo "998"]
[PlyCount "120"]
[Result "0-1"]

1.Nf3 {Hello again - so we meet now in 2 games at 
the same time - good luck again!}  d5 {Hello and 
good luck to you}  2.d4 Nc6 3.Nc3 Nf6 4.g3 Bg4 
5.Bf4 e6 6.Nb5 Bd6 7.Qd2 Ne4 8.Qe3 Bb4+ 9.c3 Ba5 
10.b4 Bb6 11.a4 a5 12.Ne5 Nxe5 13.Bxe5 f6 14.Qf4 
fxe5 15.Qxg4 Qe7 16.Qh5+ Qf7 17.Qxf7+ Kxf7 18.e3 
exd4 19.f3 Nxc3 20.Nxd4 axb4 21.Bh3 Bxd4 22.exd4 
b3 23.O-O b2 24.Rab1 Nxa4 25.f4 Ra5 26.Rf3 Rb5 
27.Ra3 Rb4 28.Bf1 Rxd4 29.Bb5 Ra8 30.Bxa4 Raxa4 
31.Rxa4 Rxa4 32.Rxb2 b6 33.Rb5 d4 34.Kf1 Ra3 
35.Ke1 d3 36.Rb2 c5 37.Rxb6 Ra2 38.Rc6 Rc2 39.Kd1 
Kf6 40.g4 Rxh2 41.Rxc5 Rh4 42.g5+ Ke7 43.Rc4 h6 
44.gxh6 gxh6 45.Rd4 Rh3 46.Kd2 h5 47.Rxd3 Rxd3+ 
48.Kxd3 Kf6 49.Ke2 Kf5 50.Kf3 {(offering draw) 
This has been a good game. Draw?}  h4 {Yes, it is 
a good game, let us play a little bit more}  
51.Kg2 {OK - you certainly deserve that...}  Kxf4 
52.Kh3 Kg5 53.Kg2 Kg4 54.Kh2 e5 55.Kg2 e4 56.Kf2 
h3 57.Kg1 Kg3 58.Kh1 e3 59.Kg1 e2 60.Kh1 {Good job 
- Nice finish! Congratulations...}  e1Q+ {Thank 
you. See you in the next tournament.} 
 0-1

[Event "HCL-B3853"]
[Site "www.playchess.de"]
[Date "2006.02.21"]
[Round "36"]
[White "ulibear"]
[Black "MrM"]
[WhiteElo "1232"]
[BlackElo "1199"]
[PlyCount "45"]
[Result "1/2-1/2"]

1.d4 {good luck}  Nf6 {You too.}  2.c4 e6 3.Nc3 c6 
4.e4 Bb4 5.Bd2 Bxc3 6.Bxc3 Nxe4 7.Rc1 Nxc3 8.Rxc3 
O-O 9.Nf3 f6 10.Be2 d6 11.O-O Na6 12.a3 b6 13.b4 
Bb7 14.c5 Nc7 15.cxd6 Qxd6 16.Bc4 Nb5 17.Re3 Rae8 
18.Rfe1 Bc8 19.Qb3 Nxd4 20.Nxd4 Qxd4 21.Bxe6+ Bxe6 
22.R3xe6 Rxe6 23.Qxe6+ {(offering draw)} 
 1/2-1/2

[Event "HCL-E1542"]
[Site "www.playchess.de"]
[Date "2006.02.21"]
[Round "4"]
[White "alldrix"]
[Black "Josef1901"]
[WhiteElo "1598"]
[BlackElo "1562"]
[PlyCount "99"]
[Result "1-0"]

1.e4 {hi! greetings from Aracaju}  c5 {hello from 
Linz}  2.Nc3 d6 3.Bc4 e5 4.Nge2 Nf6 5.O-O Be7 6.f4 
Nc6 7.d3 O-O 8.fxe5 Nxe5 9.Bb3 Be6 10.Nf4 Bxb3 
11.axb3 a6 12.Nfd5 Nxd5 13.Nxd5 Bg5 14.Qh5 Bxc1 
15.Raxc1 f6 16.Rf4 Ng6 17.Rg4 Rc8 18.Rf1 Qe8 
19.Qf5 Rd8 20.h4 Qe5 21.h5 Qxf5 22.Rxf5 Ne5 23.Rg3 
Kh8 24.h6 Rd7 25.Nf4 g6 26.Ne6 Rff7 27.Rf1 Rde7 
28.Nf4 Re8 29.Nd5 Ref8 30.c3 f5 31.exf5 R7xf5 
32.Rxf5 Rxf5 33.Ne7 Rf7 34.Nc8 Rf6 35.Re3 Kg8 
36.d4 cxd4 37.cxd4 Nc6 38.Re8+ Kf7 39.Rh8 Ke6 
40.Rxh7 Nxd4 41.Rxb7 g5 42.g3 Rxh6 43.Rb4 Nb5 
44.Ra4 Kd7 45.Nb6+ Kc6 46.Nc4 Kb7 47.Nd2 d5 48.Rg4 
Rg6 49.Nf3 Kc6 50.Ne5+ 1-0

[Event "HCL-B3827"]
[Site "www.playchess.de"]
[Date "2006.02.21"]
[Round "10"]
[White "sonnygarcia"]
[Black "Berniemac"]
[WhiteElo "1027"]
[BlackElo "668"]
[PlyCount "23"]
[Result "1-0"]

1.e4 Na6 2.d4 g6 3.Nf3 Nb4 4.c3 Nc6 5.Bb5 Na5 
6.O-O c6 7.Be2 f6 8.Nbd2 b5 9.Re1 h5 10.Nf1 Qc7 
11.Ng3 g5 12.Nf5 1-0

[Event "HCL-E1560"]
[Site "www.playchess.de"]
[Date "2006.02.21"]
[Round "6"]
[White "XANDERKIRV"]
[Black "Tarrega"]
[WhiteElo "1455"]
[BlackElo "1600"]
[PlyCount "118"]
[Result "1/2-1/2"]

1.e4 e6 2.d4 d5 3.Nd2 c5 4.exd5 Qxd5 5.Ngf3 cxd4 
6.Bc4 Qd6 7.O-O Nf6 8.Nb3 Nc6 9.Nbxd4 Nxd4 10.Qxd4 
Qxd4 11.Nxd4 Bd7 12.Bf4 Rc8 13.Bb3 Bc5 14.Nf3 O-O 
15.Rad1 Rfd8 16.h3 Kf8 17.c3 Bb5 18.Rxd8+ Rxd8 
19.Rd1 Rxd1+ 20.Bxd1 Ne4 21.Be3 Bxe3 22.fxe3 Ke7 
23.Nd4 Bd7 24.Bc2 f5 25.Bxe4 fxe4 26.Nb3 Kd6 
27.Nd2 Kd5 28.Kf2 b5 29.b4 h5 30.Kg3 g5 31.h4 
gxh4+ 32.Kxh4 Be8 33.g4 hxg4 34.Kxg4 Bg6 35.Kg3 
Bh5 36.Kf4 {(offering draw)}  Bf3 37.Kg3 Be2 
38.Kf2 Bc4 39.a3 Bd3 40.Kg3 Bc2 41.Kf4 a6 42.Kg3 
Bd3 43.Kf4 {(offering draw)}  e5+ 44.Kf5 Be2 
45.Kf6 Bg4 46.Kg5 Bf3 47.Kf6 {(offering draw)}  
Bg2 48.Kg5 Bh3 49.Kh4 Bd7 50.Kg5 {(offering draw)} 
 Bc6 51.Kf6 {(offering draw)}  Bb7 52.Kg5 Bc8 
53.Kh4 Be6 54.Kg5 Bh3 55.Kf6 Bg4 56.Kg5 Be2 57.Kf6 
Bd3 58.Kf5 Kd6 59.Kf6 Kd5 {(offering draw)} 
 1/2-1/2

[Event "HCL-B3888"]
[Site "www.playchess.de"]
[Date "2006.02.21"]
[Round "5"]
[White "odin"]
[Black "riziotis"]
[WhiteElo "1218"]
[BlackElo "1283"]
[PlyCount "43"]
[Result "1-0"]

1.e4 e5 {HELLO good luck}  2.Nf3 Nc6 3.Bc4 Nd4 
4.c3 Nxf3+ 5.Qxf3 Nf6 6.O-O d6 7.d4 Bg4 8.Qe3 Be7 
9.h3 exd4 10.cxd4 d5 11.exd5 Bd7 12.Nc3 O-O 13.Re1 
Bb4 14.Bd2 Re8 15.Qf3 Rxe1+ 16.Rxe1 Bxc3 17.Bxc3 
c6 18.d6 Qb6 19.Bb3 Rd8 20.Re7 Be6 21.Bxe6 Kf8 
22.Rxf7+ 1-0

[Event "HCL-E1578"]
[Site "www.playchess.de"]
[Date "2006.02.21"]
[Round "6"]
[White "XANDERKIRV"]
[Black "alldrix"]
[WhiteElo "1497"]
[BlackElo "1641"]
[PlyCount "34"]
[Result "0-1"]

1.e4 e6 2.d4 d5 3.exd5 exd5 4.Be2 Nf6 5.Nd2 Bd6 
6.Ngf3 O-O 7.O-O Bg4 8.h3 Bh5 9.Nh4 Bxe2 10.Qxe2 
Re8 11.Qd1 Nc6 12.c3 Ne4 13.Nhf3 f5 
{http://www.playchess.de/img/i.gif}  14.a3 Qf6 
15.Qb3 Ne7 16.Qxb7 Reb8 17.Qa6 
Bh2+ 0-1

[Event "HCL-C4164"]
[Site "www.playchess.de"]
[Date "2006.02.21"]
[Round "15"]
[White "Gordon"]
[Black "Skipper_Robert"]
[WhiteElo "1008"]
[BlackElo "972"]
[PlyCount "53"]
[Result "1-0"]

1.e4 e5 2.Nf3 d6 3.Bb5+ c6 4.Bc4 Be7 5.O-O d5 
6.Bb3 Bf6 7.d4 dxe4 8.Nxe5 Bxe5 9.dxe5 Nd7 10.e6 
fxe6 11.Qd4 Ndf6 12.Qxd8+ Kxd8 13.Bg5 Ne7 14.Nc3 
Nf5 15.Nxe4 Rf8 16.Rad1+ Bd7 17.Bxe6 Ke8 18.Nxf6+ 
gxf6 19.Rfe1 fxg5 20.Bxf5+ Kf7 21.Rxd7+ Kg8 
22.Ree7 Rxf5 23.g4 Rf4 24.h3 Raf8 25.Reg7+ Kh8 
26.Rgxh7+ Kg8 27.Rdg7+ {Thank for the game.} 
 1-0

[Event "HCL-A2598"]
[Site "www.playchess.de"]
[Date "2006.02.21"]
[Round "4"]
[White "dynamike"]
[Black "scotty4u"]
[WhiteElo "1442"]
[BlackElo "1289"]
[PlyCount "41"]
[Result "1-0"]

1.e4 e5 2.Nf3 Nc6 3.Bc4 h6 4.Nc3 Nf6 5.d4 exd4 
6.Nxd4 Ne5 7.Bb3 Bb4 8.f4 Ng6 9.O-O Bxc3 10.bxc3 
Nxe4 11.Re1 d5 12.c4 c6 13.cxd5 cxd5 14.Ba3 Nxf4 
15.c4 Be6 16.cxd5 Bxd5 17.Ba4+ Bc6 18.Rxe4+ Ne6 
19.Nxc6 Qxd1+ 20.Rxd1 f6 21.Nd4+ 1-0

[Event "HCL-A2618"]
[Site "www.playchess.de"]
[Date "2006.02.21"]
[Round "6"]
[White "vevivi"]
[Black "foinaven"]
[WhiteElo "1700"]
[BlackElo "1419"]
[PlyCount "46"]
[Result "1-0"]

1.e4 {Hello!}  c5 {Hi - where in Italy?}  2.Nf3 
{Ferrara}  Nc6 {Where is Ferrara?}  3.d3 {emilia 
romagna, near bologna and ravenna}  e6 {I have 
been in Bologna - lovely city.}  4.g3 g6 5.Bg5 Be7 
6.Bf4 d6 7.Bg2 Nf6 8.O-O O-O 9.c3 b6 10.Nbd2 Bb7 
11.h3 Qc7 12.Qe2 b5 13.d4 e5 14.Be3 d5 15.exd5 
cxd4 16.dxc6 Bxc6 {What on earth was I doing last 
move???}  17.cxd4 exd4 18.Nxd4 Bxg2 19.Kxg2 a6 
20.Rac1 Qb7+ 21.Qf3 Nd5 22.Rfe1 Rfd8 23.Nc6 
Bd6 1-0

[Event "HCL-C4095"]
[Site "www.playchess.de"]
[Date "2006.02.21"]
[Round "3"]
[White "Milosforman"]
[Black "ocluanain"]
[WhiteElo "962"]
[BlackElo "977"]
[PlyCount "56"]
[Result "0-1"]

1.d4 Nf6 2.Nc3 g6 3.Bg5 Bg7 4.Bxf6 exf6 5.e4 O-O 
6.Bd3 c6 7.Nf3 d5 8.Qe2 Nd7 9.e5 f5 10.Qd2 Re8 
11.O-O-O a6 12.h4 f6 13.exf6 Nxf6 14.Rhe1 Rxe1 
15.Rxe1 b6 16.Qg5 Qd6 17.Ne5 c5 18.Nf3 Ng4 19.Re2 
Bf6 20.Qd2 Bd7 21.dxc5 bxc5 22.g3 c4 23.Bxc4 Bxc3 
24.bxc3 Nf6 25.Re5 Ne4 26.Qd4 Qa3+ 27.Kd1 Nxc3+ 
28.Ke1 Qc1+ 0-1

[Event "HCL-A2449"]
[Site "www.playchess.de"]
[Date "2006.02.21"]
[Round "6"]
[White "Khalif"]
[Black "player_reh"]
[WhiteElo "1700"]
[BlackElo "1469"]
[PlyCount "82"]
[Result "0-1"]

1.e4 g6 {saludos de berlin
}  2.d4 {hola Stgo de chile}  b6 3.Nc3 e6 4.Be2 
Bg7 5.f4 Ne7 6.Nf3 c5 7.Be3 cxd4 8.Nxd4 O-O 9.O-O 
d6 10.Ndb5 Bxc3 11.Nxc3 Bb7 12.Bf3 a6 13.Qd2 Nbc6 
14.Rad1 Nb4 15.a3 Nbc6 16.Qxd6 Qxd6 17.Rxd6 Rad8 
18.Rfd1 Rxd6 19.Rxd6 b5 20.Rd7 Ba8 21.Bc5 Re8 
22.e5 Nf5 23.Rc7 Nfd4 24.Be4 Rb8 25.Rd7 Nf5 26.Bf3 
Re8 27.Rc7 Ncd4 28.Bxa8 Rxa8 29.Ne4 Ne2+ 30.Kf2 
Nxf4 31.Nf6+ Kg7 32.g3 Nh5 33.Nxh5+ gxh5 34.Kf3 a5 
35.c3 Rd8 36.Kf4 h6 37.Rb7 b4 38.cxb4 axb4 39.axb4 
Rd2 40.h4 Rg2 41.b5 Rxg3 0-1

[Event "HCL-B3831"]
[Site "www.playchess.de"]
[Date "2006.02.21"]
[Round "3"]
[White "Tofik"]
[Black "schachsky"]
[WhiteElo "1377"]
[BlackElo "1192"]
[PlyCount "55"]
[Result "1-0"]

1.e4 {Hallo from Moscow! Good luck!}  e5 {Thx, 
same for you , not only in this game but in the 
rest of 2006 also !}  2.f4 {Thanks, happy new 2006 
as well!!!}  exf4 3.Nf3 d6 4.d4 c6 5.Bxf4 Bg4 
6.Bc4 d5 7.exd5 cxd5 8.Bb5+ Nc6 9.O-O Nf6 10.h3 
Bd7 11.c4 a6 12.Bxc6 bxc6 13.Qd3 Ne4 14.Nbd2 Bf5 
15.Ne5 Qf6 16.Rae1 Bb4 17.Qe2 O-O 18.Nxe4 dxe4 
19.Red1 Rfd8 20.g4 Be6 21.Nxc6 Rdc8 {oops}  22.d5 
Bc5+ 23.Be3 Bxe3+ 24.Qxe3 Qxb2 25.Ne7+ Kf8 
{oopsy!}  26.Nxc8 Bxc8 27.Qxe4 Qxa2 
28.Rxf7+ 1-0

[Event "HCL-C4070"]
[Site "www.playchess.de"]
[Date "2006.02.21"]
[Round "1"]
[White "Kirill1"]
[Black "edi"]
[WhiteElo "800"]
[BlackElo "800"]
[PlyCount "64"]
[Result "0-1"]

1.e4 e5 2.Qh5 d6 3.Bc4 Nh6 4.d3 g6 5.Qf3 Qe7 6.Nc3 
Bg4 7.Qe3 Be6 8.Nd5 Bxd5 9.Bxd5 c6 10.Bc4 Nd7 
11.Qg3 Bg7 12.Bg5 f6 13.Bxh6 Bxh6 14.h3 Nb6 15.Ne2 
O-O-O 16.O-O Nxc4 17.b3 Nb6 18.Qg4+ Qd7 19.Qxd7+ 
Rxd7 20.c4 Re8 21.a4 d5 22.c5 Na8 23.b4 dxe4 
24.dxe4 Rd2 25.Nc3 Red8 26.b5 Rc2 27.Ra3 Rd3 
28.Nb1 Rxa3 29.Nxa3 Ra2 30.Nb1 Rxa4 31.bxc6 bxc6 
32.Rc1 Bxc1 0-1